[Event "7th Iberoamerican-ch 2019"]
[Site "Linares"]
[Date "2019.08.15"]
[Round "6.17"]
[White "Fluvia Poyatos, Jordi"]
[Black "Gavarrete, Nahun"]
[Result "1-0"]
[WhiteElo "2455"]
[BlackElo "2349"]
[Annotator "TA"]
[PlyCount "53"]
[EventDate "2019.08.10"]
[EventType "swiss"]
[EventCountry "ESP"]
[SourceTitle "playchess.com"]
[Source "ChessBase"]
[SourceQuality "1"]

{[%evp 22,53,33,31,54,62,54,61,57,59,102,110,89,60,132,132,135,136,149,139,133,129,129,125,117,68,75,69,90,102,329,347,714,712]} 1. d4 Nf6 2. c4 g6 3. Nc3 d5 4. cxd5 Nxd5 5. e4 Nxc3 6. bxc3 Bg7 7. Nf3 O-O 8. Be2 c5 9. O-O cxd4 10. cxd4 {[%cal Bc3d4,Bd4d5][%mdl 32]} Nc6 11. Be3 Bg4 12. d5 Bxa1 {D85: Exchange Grünfeld: Unusual White 7th moves and lines with 7 Nf3} (12... Bxf3 13. Bxf3 Bxa1 14. Qxa1 Na5 15. Bh6 f6 16. Bxf8 Kxf8 17. Bg4 Nc4 18. Be6 b5 19. Re1 Qb8 20. g3 a6 21. Kg2 {1-0 (43) Yilmaz,M (2619)-Perelshteyn,E (2513) Reykjavik 2018}) 13. Qxa1 Na5 14. Bh6 {[%csl Gh6][%cal Ra1g7]} f6 {White is slightly better.} 15. Bxf8 Kxf8 16. Nd4 Bd7 17. Qc1 $146 ({Predecessor:} 17. Bb5 Rc8 18. Qe1 Nc4 19. Bxd7 Qxd7 20. Ne6+ {1-0 (35) Tishin,D (2330)-Artemchuk,T (2191) Dnipropetrovsk 2006}) 17... Rc8 ({Black should try} 17... Kg8 $14) 18. Qh6+ $16 Kg8 19. Bb5 $1 {[%cal Rb5d7] aiming for Bxd7.} e5 {[#]} 20. Bxd7 $1 Qxd7 21. Ne6 Nc4 22. f4 Qe7 23. fxe5 $40 {[%mdl 128] White is up to no good.} Nxe5 24. Rc1 Rxc1+ 25. Qxc1 {Qc8+ is the strong threat.} h5 $2 {[#]} (25... Nd7 $16) 26. Qc8+ $1 $18 Kf7 $2 (26... Kh7 27. d6 Qf7) 27. Qh8 1-0

[Event "7th Iberoamerican-ch 2019"]
[Site "Linares"]
[Date "2019.08.15"]
[Round "6.18"]
[White "Domingo Nunez, Ruben"]
[Black "Damaso, Rui"]
[Result "1/2-1/2"]
[WhiteElo "2345"]
[BlackElo "2417"]
[Annotator "TA"]
[PlyCount "35"]
[EventDate "2019.08.10"]
[EventType "swiss"]
[EventCountry "ESP"]
[SourceTitle "playchess.com"]
[Source "ChessBase"]
[SourceQuality "1"]

{[%evp 20,35,20,18,19,23,45,33,46,45,58,20,35,31,36,30,133,132]} 1. e4 c5 2. Nf3 d6 3. d4 cxd4 4. Nxd4 Nf6 5. Nc3 Nc6 6. f3 e5 7. Nb3 Be7 8. Be3 O-O 9. Qd2 a5 10. Bb5 Be6 11. Rd1 Na7 {B56: Classical Sicilian: Unusual Lines} 12. Bd3 Nc6 13. a3 Qb8 {White is slightly better.} 14. O-O {[#]} Rd8 $146 ({Predecessor:} 14... h6 15. Qf2 Rd8 16. Bb6 Rc8 17. Na4 Nd7 18. Bb5 Bd8 19. Bxd8 Rxd8 {½-½ (26) Zvjaginsev,V (2654)-Landa,K (2550) St Petersburg 2004}) 15. Nd5 a4 16. Nc1 Bxd5 17. exd5 Na7 (17... Nxd5 $11 {remains equal.} 18. Bxh7+ {[%mdl 64] Discovered Attack} Kxh7 19. Qxd5 Kg8) 18. Na2 1/2-1/2

[Event "7th Iberoamerican-ch 2019"]
[Site "Linares"]
[Date "2019.08.15"]
[Round "6.19"]
[White "Almagro Mazariegos, Sebastian"]
[Black "Merario Alarcon, Andres"]
[Result "0-1"]
[WhiteElo "2268"]
[BlackElo "2392"]
[Annotator "TA"]
[PlyCount "88"]
[EventDate "2019.08.10"]
[EventType "swiss"]
[EventCountry "ESP"]
[SourceTitle "playchess.com"]
[Source "ChessBase"]
[SourceQuality "1"]

{[%evp 18,88,29,0,0,0,0,0,0,-11,-11,-11,-9,-13,-13,-11,-11,-14,-9,-12,0,-21,11,2,4,0,13,0,12,13,15,0,14,14,24,3,12,0,0,0,0,0,27,0,0,0,0,0,29,28,93,93,95,100,94,93,115,75,69,67,110,0,0,0,326,301,293,265,913,902,1212,-29996,-448]} 1. e4 c5 2. Nf3 d6 3. d4 cxd4 4. Nxd4 Nf6 5. Nc3 Nc6 6. f3 e5 7. Nb3 Be7 8. Be3 O-O 9. Qd2 Be6 10. Nd5 a5 {B56: Classical Sicilian: Unusual Lines} 11. c4 a4 12. Nc1 b5 {The position is equal.} (12... Nd7 13. Ne2 f5 14. exf5 Bxf5 15. Nec3 Nc5 16. Be2 {½-½ (77) Dominguez Perez,L (2739)-Gareyev,T (2557) Saint Louis 2019}) 13. cxb5 Bxd5 $1 14. exd5 Nd4 $1 15. Bxd4 $146 ({Predecessor:} 15. Bd3 Nxd5 16. O-O Nxe3 17. Qxe3 Rb8 18. Ne2 Nxb5 {0-1 (77) Bui,D-Nguyen,N (2130) Cao Lanh Dong Thap 2006}) 15... exd4 16. Bc4 Qc7 17. b3 ({Much weaker is} 17. Qxd4 Nd7 $17) 17... axb3 18. Bxb3 Qc5 19. O-O Qxb5 20. Qxd4 Nd7 21. Rb1 Bf6 22. Qd3 Qb6+ 23. Kh1 {aiming for Bc2!} Qa7 24. Qd1 Rfe8 25. Nd3 Qd4 26. Nf2 Nc5 27. Ng4 h5 28. Nxf6+ Qxf6 29. Qd2 Re5 30. Rfe1 Rae8 31. Rxe5 Qxe5 32. h3 h4 33. Bc4 g6 (33... Ra8 $11 {keeps the balance.}) 34. Bb5 $16 Rb8 35. Re1 $36 {[%mdl 2048] White has strong initiative.} Qf6 36. a4 {[%cal Ba2a4,Ba4a5,Ba5a6,Ba6a7][%mdl 32]} Nb3 37. Qb4 Nd4 {Hoping for ...Nc2.} 38. Qc3 Kg7 $1 {[#]} 39. Re8 ({White should try} 39. Qc7 $1 $16 {[%cal Rc7b8]} Rh8 40. Bd3) 39... Rxe8 $11 40. Bxe8 {Threatens to win with a5.} Qe5 $2 {[%mdl 8192]} (40... Qf4 $11) 41. a5 $18 {Strongly threatening a6.} Kf8 42. a6 Qxd5 $2 (42... Qxe8 43. Qxd4 (43. a7 Qa4 $11) 43... Qe1+ 44. Qg1 Qa5) 43. a7 Ne2 44. Qd3 $4 {[%mdl 8192]} (44. Qh8+ $18 Ke7 45. Qxh4+ Kxe8 {[#]} 46. a8=Q+ $1 {[%mdl 512]} Qxa8 47. Qh8+ Kd7 48. Qxa8 Ng3+ 49. Kh2) 44... Qxd3 0-1

[Event "7th Iberoamerican-ch 2019"]
[Site "Linares"]
[Date "2019.08.15"]
[Round "6.20"]
[White "Teran Alvarez, Ismael"]
[Black "Silva Rodriguez, Fernando"]
[Result "1-0"]
[WhiteElo "2392"]
[BlackElo "2253"]
[Annotator "TA"]
[PlyCount "53"]
[EventDate "2019.08.10"]
[EventType "swiss"]
[EventCountry "ESP"]
[SourceTitle "playchess.com"]
[Source "ChessBase"]
[SourceQuality "1"]

{[%evp 9,53,-19,-16,-12,-18,-25,16,-33,-16,-9,-8,-15,-24,-10,0,-15,0,0,17,11,28,17,35,36,21,0,0,0,79,93,89,71,204,207,316,243,727,-28,719,704,646,500,492,497,495,497]} 1. c4 e6 2. g3 d5 3. Bg2 dxc4 4. Na3 Bxa3 5. bxa3 Nc6 6. Qa4 {A13: English Opening: 1...e6} Nge7 7. Bb2 O-O $146 ({Predecessor:} 7... e5 8. Qxc4 Be6 9. Qa4 O-O 10. Nf3 Bd5 11. d3 {1-0 (72) Salov,V (2645)-Jussupow,A (2615) Linares 1990}) 8. Nf3 {The position is equal.} Qd5 9. O-O b5 10. Qc2 Rb8 11. Rfd1 f6 12. d3 Qc5 13. Nd2 Rd8 14. Ne4 Qf5 15. dxc4 Rxd1+ 16. Rxd1 bxc4 17. Ba1 Ba6 18. h4 Rd8 (18... Kf7 $11 {remains equal.}) 19. Rxd8+ $16 Nxd8 20. Qd1 $36 {[%mdl 2048] White is really pushing.} Nf7 {[#]} (20... Ndc6 $16 {was necessary.}) 21. Qd7 $1 $18 {[%csl LRc7,LRe7][%cal Rd7e8][%mdl 1536] White has strong compensation.} Ng6 (21... Kf8 $142) 22. Bc3 {Threatens to win with Qe8+.} Bb7 $2 (22... Qb5 23. Qxe6 (23. Qxc7 Qb1+ 24. Kh2 Qb6 $16) 23... Nf8) 23. Qe8+ Nf8 24. Bb4 {[%csl Gb4][%cal Re8f8] White is clearly winning.} Nd6 25. Bxd6 cxd6 26. Nxd6 {[%mdl 64] White threatens Qf7+ and mate. Double Attack, Discovered Attack} Qb1+ {[#]} 27. Kh2 $1 {[%mdl 512] Accuracy: White = 81%, Black = 46%.} 1-0

[Event "7th Iberoamerican-ch 2019"]
[Site "Linares"]
[Date "2019.08.15"]
[Round "6.21"]
[White "Serarols Mabras, Bernat"]
[Black "Martinez Duany, Lelys Stanley"]
[Result "0-1"]
[WhiteElo "2338"]
[BlackElo "2526"]
[Annotator "TA"]
[PlyCount "96"]
[EventDate "2019.08.10"]
[EventType "swiss"]
[EventCountry "ESP"]
[SourceTitle "playchess.com"]
[Source "ChessBase"]
[SourceQuality "1"]

{[%evp 12,96,36,31,47,47,41,8,16,12,35,6,74,62,77,74,87,84,83,79,94,87,91,89,82,66,81,62,64,70,75,59,74,44,54,33,28,-29,-16,-29,-17,-16,-21,-33,-23,-22,0,0,0,-5,0,0,0,0,0,0,0,0,0,0,0,-22,-21,-45,-34,-25,0,-52,-49,-76,-68,-68,-17,-21,0,0,0,0,0,-58,-53,-200,-191,-481,-481,-481,-481]} 1. d4 g6 2. c4 Bg7 3. Nf3 d6 4. Nc3 Bg4 5. e3 Nf6 6. Be2 O-O 7. O-O Na6 {E61: King's Indian: Early deviations for White, including Smyslov System} (7... Nc6 8. d5 Nb8 9. h3 Bd7 10. e4 c6 11. Be3 Na6 12. Nd2 Rc8 13. Rc1 e6 14. dxe6 Bxe6 15. Nf3 Re8 {0-1 (38) Wang,H (2709)-Mamedyarov,S (2799) Huaian 2017}) 8. h3 Bf5 9. Bd3 Bxd3 {The position is equal.} 10. Qxd3 c6 $146 ({Predecessor:} 10... e5 11. dxe5 dxe5 12. Nxe5 Qxd3 13. Nxd3 Rfd8 14. Rd1 Rd7 15. Kf1 {½-½ (66) Xu,Y (2523)-Zhang,Z (2634) China 2016}) 11. Rb1 c5 (11... e5 $11) 12. d5 $16 Nb4 13. Qe2 e5 14. a3 Na6 15. e4 Nh5 16. Ne1 Nf4 17. Bxf4 exf4 18. Nd3 Re8 19. Qf3 Nb8 {[%cal Ba6b8,Bb8d7,Bd7e5,Be5d3][%mdl 32]} 20. Qxf4 a6 21. Rfe1 Qc7 22. Nd1 Nd7 23. Ne3 b5 24. Rbc1 (24. f3 $142) 24... Ne5 $11 25. Red1 Nxd3 26. Rxd3 Bxb2 27. Rb1 Be5 28. Qf3 Rab8 29. Rdb3 Qd7 30. Qe2 (30. cxb5 {is more complex.} Rxb5 31. Nc4 Bd4 32. g4 Reb8 33. Qg3) 30... Bg7 (30... Bf6 {seems wilder.} 31. cxb5 Rxb5 32. Qd3 Kg7 33. Nc4 Qe7) 31. cxb5 axb5 32. Rxb5 Rxb5 33. Rxb5 Rxe4 34. Rb8+ Re8 35. Rxe8+ Qxe8 36. Qa6 Qb8 37. Qd3 Qb2 38. Nc4 Qa2 39. Qf1 ({Don't blunder} 39. Nxd6 $2 Be5 $19) (39. Kf1 $11) 39... Bd4 $15 {And now ...Bxf2+! would win.} 40. Nxd6 Qxd5 41. Nc4 Qc6 ({Black should play} 41... Qe4 $15) 42. Qe2 Qb5 43. Qc2 Qe8 {[#] Threatens to win with ...Qe1+.} 44. Kf1 $1 Qb8 45. Kg1 ({Better is} 45. Nd2 $11) 45... Qf4 46. Nb6 ({White should try} 46. a4 $15) 46... Qe5 $19 {White must now prevent ...Qe1+.} 47. Qd2 $2 {[#]} (47. Kf1 {keeps fighting.}) 47... Qe6 48. Na4 Qb3 {[%mdl 64] Double Attack. Accuracy: White = 39%, Black = 51%.} 0-1

[Event "7th Iberoamerican-ch 2019"]
[Site "Linares"]
[Date "2019.08.15"]
[Round "6.22"]
[White "Esquivias Quintero, Luis Manuel"]
[Black "Mieles Palau, Daniel"]
[Result "1-0"]
[WhiteElo "2282"]
[BlackElo "2384"]
[Annotator "TA"]
[PlyCount "71"]
[EventDate "2019.08.10"]
[EventType "swiss"]
[EventCountry "ESP"]
[SourceTitle "playchess.com"]
[Source "ChessBase"]
[SourceQuality "1"]

{[%evp 24,71,18,11,17,14,26,24,37,27,23,21,41,6,8,16,39,19,35,10,34,36,36,27,33,28,36,31,41,37,40,12,52,33,44,0,58,47,39,44,49,48,54,16,18,8,37,35,788,788]} 1. e4 c5 2. Nf3 Nc6 3. d4 cxd4 4. Nxd4 Nf6 5. Nc3 e5 6. Ndb5 d6 7. Bg5 a6 8. Na3 b5 9. Nd5 Be7 10. Bxf6 Bxf6 11. c3 Bg5 12. Nc2 Rb8 13. a4 bxa4 {B33: Sicilian: Pelikan and Sveshnikov Variations} 14. Ncb4 Nxb4 15. cxb4 O-O {White has an edge.} 16. Rxa4 a5 17. b5 Bd7 18. Qb3 Qc8 {[#] White must now prevent ...Qc1+.} 19. Nc3 {[#]} d5 $146 ({Predecessor:} 19... Bd8 20. Bc4 Bb6 21. O-O Qd8 {½-½ (21) Stephan,J (2561)-Pirs,M (2550) ICCF email 2012}) 20. exd5 e4 21. Rxe4 {Black should prevent Be2.} Bf5 22. Rc4 Qe8+ 23. Be2 {Qd1 is the strong threat.} Bd3 24. O-O Bxc4 25. Qxc4 Qe5 26. Rd1 Rfd8 27. Qe4 Qc7 28. Bd3 g6 29. Qf3 Rb6 (29... Qc5 $11) 30. g3 $14 Bf6 31. Bf1 Bg7 32. Na4 $36 {[%mdl 2048] White has good play.} Rbd6 33. b3 Qc2 $1 34. Bc4 Rf6 (34... Re8 $5 {[%cal Rd6f6]} 35. Qd3 Qxd3 36. Rxd3 Rb8 $14) 35. Qe2 Rxf2 $2 {[%mdl 8192] [#]} (35... Qxe2 $14 36. Bxe2 Rfd6) 36. Kxf2 {Accuracy: White = 62%, Black = 55%.} 1-0

[Event "7th Iberoamerican-ch 2019"]
[Site "Linares"]
[Date "2019.08.15"]
[Round "6.23"]
[White "Calzetta Ruiz, Monica"]
[Black "Matnadze, Ana"]
[Result "0-1"]
[WhiteElo "2257"]
[BlackElo "2363"]
[Annotator "TA"]
[PlyCount "74"]
[EventDate "2019.08.10"]
[EventType "swiss"]
[EventCountry "ESP"]
[SourceTitle "playchess.com"]
[Source "ChessBase"]
[SourceQuality "1"]

{[%evp 16,74,36,27,48,25,30,16,14,-15,-20,-24,-29,-24,-45,-44,0,-29,0,-10,-31,-19,0,-45,-4,-35,0,-51,-52,-65,-75,-80,-69,-77,-60,-100,-31,-31,-9,-22,-16,-14,-12,-53,-40,-60,-47,-277,-277,-270,-277,-276,-266,-292,-289,-290,-289,-779,-787,-716,-697]} 1. e4 c5 2. Nf3 d6 3. d4 cxd4 4. Nxd4 Nf6 5. Nc3 Nc6 6. Bg5 e6 7. Qd2 Qb6 8. Bxf6 gxf6 9. Nb3 a6 {B60: Sicilian: Richter-Rauzer: Unusual Black 6th moves and 6...Bd7 without 7 Qd2} 10. Be2 (10. O-O-O Qc7 11. Kb1 h5 12. f4 b5 13. Ne2 Bb7 14. g3 O-O-O 15. Bg2 h4 16. Ned4 Nxd4 17. Qxd4 hxg3 18. hxg3 Rxh1 19. Bxh1 {0-1 (56) Balogh,C (2629)-Kozul,Z (2612) Hungary 2019}) 10... Bd7 11. a4 Na5 $146 {The position is equal.} ({Predecessor:} 11... Rg8 12. O-O O-O-O 13. a5 Qc7 14. Na4 d5 15. Nb6+ Kb8 16. Rfd1 Bd6 17. exd5 Bxh2+ {0-1 (33) Magnucka,A (1838)-Kucypera,M (2045) Szklarska Poreba 2017}) 12. Nd5 exd5 13. Nxa5 dxe4 ({Of course not} 13... Qxb2 $6 14. O-O $16) 14. Nc4 Qc6 15. O-O Rg8 (15... Be6 $5 {[%cal Re6c4]} 16. Ne3 Rg8 $15) 16. Rfd1 {[%cal Rc4d6]} Rc8 17. g3 Be6 18. Ne3 Bh6 19. c4 (19. Ra3 $5 {[%cal Ra3c3]}) 19... Bf4 20. b4 Rg5 21. b5 (21. a5 $11) 21... Qc5 $15 22. bxa6 bxa6 23. Rab1 h5 24. Kh1 $1 Bxe3 25. fxe3 Rd8 (25... d5 $17 26. cxd5 Rxd5) 26. Qd4 Re5 27. Rb6 Qxd4 28. Rxd4 Ra5 29. Rxe4 Rxa4 30. Bxh5 Kf8 {Strongly threatening ...Bd5!} 31. Be2 $2 {[#]} (31. Rd4 $15) 31... Bd5 $1 $19 {[%cal Rd5e4][%mdl 512]} 32. cxd5 Rxe4 33. Bxa6 Rxe3 {KRR-KRB} 34. Kg2 Re5 35. Bc4 Rc8 36. Bb3 $2 {[#]} (36. Bd3) 36... Re2+ 37. Kh3 Rb2 {Accuracy: White = 37%, Black = 54%.} 0-1

[Event "7th Iberoamerican-ch 2019"]
[Site "Linares"]
[Date "2019.08.15"]
[Round "6.24"]
[White "Jimenez Bernal, Francisco"]
[Black "Sos Andreu, Eric"]
[Result "1/2-1/2"]
[WhiteElo "2222"]
[BlackElo "2354"]
[Annotator "TA"]
[PlyCount "69"]
[EventDate "2019.08.10"]
[EventType "swiss"]
[EventCountry "ESP"]
[SourceTitle "playchess.com"]
[Source "ChessBase"]
[SourceQuality "1"]

{[%evp 19,69,0,8,8,5,16,198,45,110,108,109,116,112,92,91,92,80,83,82,-75,-76,-77,-68,-78,-58,-66,-70,-67,-73,-60,-55,-68,-52,-43,-52,-63,-6,-61,41,0,143,47,47,47,238,47,179,0,0,0,147,0]} 1. d4 Nf6 2. c4 g6 3. Nc3 d5 4. Nf3 Bg7 5. Qb3 dxc4 6. Qxc4 O-O 7. e4 a6 8. Be2 b5 9. Qb3 c5 10. dxc5 Bb7 11. e5 {D97: Grünfeld: Russian System: 7 e4, replies other than 7...Bg4} Nfd7 12. Be3 {And now e6 would win.} Qa5 $146 (12... e6 $11 {and Black is okay.}) ({Predecessor:} 12... e6 13. O-O Nc6 14. Rad1 Qc7 15. a4 b4 16. Ne4 Ncxe5 17. Nxe5 Nxe5 18. Nd6 Bc6 {1-0 (32) Navara,D (2738)-Mikhalevski,V (2581) Caleta 2019}) 13. O-O $2 (13. e6 $18) 13... Nxe5 (13... e6 $1 $14) 14. Nxe5 $16 Bxe5 15. Nd5 Nc6 16. a4 {[%cal Ra4b5]} b4 17. Rad1 Rad8 18. Bf3 Bc8 19. Nf6+ $2 (19. Qc2 $16 {and life is bright.}) 19... exf6 $17 20. Bxc6 Be6 $1 {[%cal Re6b3]} 21. Bd5 Bxd5 22. Rxd5 Rxd5 23. Qxd5 Bxb2 24. Qb3 Bc3 25. Rd1 Qc7 26. Rd6 a5 {...Be5 is the strong threat.} 27. Qd5 f5 ({Black should try} 27... Qe7 $15) 28. g3 ({Better is} 28. Rd7 $1 $11 Qe5 29. Qxe5 Bxe5 30. f4) 28... Qb8 (28... Qe7 $15) 29. Bf4 Qe8 {[#]} (29... Qa8 $1 $11 {keeps the balance.}) 30. c6 (30. Rb6 $1 $16) 30... b3 $1 $14 31. Qxb3 Qe1+ 32. Kg2 Qe4+ (32... Be5 $1 $14) 33. Kg1 Qe1+ 34. Kg2 Qe4+ {[#]} 35. Kg1 {Accuracy: White = 41%, Black = 44%.} (35. Kh3 $1 $16 Be5 36. f3) 1/2-1/2

[Event "7th Iberoamerican-ch 2019"]
[Site "Linares"]
[Date "2019.08.15"]
[Round "6.25"]
[White "Perez Garcia, Alejandro"]
[Black "Aizpurua, Patrick"]
[Result "0-1"]
[WhiteElo "2347"]
[BlackElo "2261"]
[Annotator "TA"]
[PlyCount "120"]
[EventDate "2019.08.10"]
[EventType "swiss"]
[EventCountry "ESP"]
[SourceTitle "playchess.com"]
[Source "ChessBase"]
[SourceQuality "1"]

{[%evp 22,160,15,17,25,29,32,15,31,28,45,40,35,36,43,37,39,31,34,24,26,22,38,39,35,28,58,41,77,96,85,93,130,107,137,129,153,140,154,153,156,130,165,124,150,127,160,155,159,134,194,194,197,111,103,103,75,-48,-60,-59,-60,-86,-84,-253,0,0,0,0,75,75,40,-104,50,42,249,-30,-51,-50,-38,-645,-617,-1562,-681,-685,-683,-661,-658,-647,-634,-600,-586,-740,-599,-641,-475,-718,-712,-701,-684,-1165,-1021,-855,-725,-708,-652,-6031,-5716,-29991,-29985,-29985,-29986,-29992,-29989,-29989,-29990,-29990,-29991,-29991,-29991,-29991,-29992,-29992,-29993,-29993,-29990,-29990,-29984,-29984,-29985,-29985,-29986,-29987,-29988,-29989,-29990,-29994,-29995,-29995,-29996,-29996,-29997]} 1. Nf3 Nf6 2. c4 e6 3. g3 d5 4. Bg2 Be7 5. O-O O-O 6. d4 dxc4 7. Qc2 a6 8. a4 Bd7 9. Qxc4 Bc6 10. Bg5 Bd5 11. Qc2 Be4 12. Qc1 c6 {E05: Open Catalan: 5 Nf3 Be7} (12... h6 13. Bxf6 Bxf6 14. Rd1 a5 15. Nbd2 Bxf3 16. Bxf3 c6 17. e3 Nd7 18. h4 Be7 19. h5 Bb4 20. Nb3 Qe7 {½-½ (59) Vidit,S (2718)-So,W (2780) chess.com INT 2018}) 13. Nbd2 {Threatens to win with Bxf6.} Bg6 14. Rd1 a5 $146 {The position is equal.} ({Predecessor:} 14... Ne4 15. Bxe7 Qxe7 16. Nc4 Nd7 17. Nh4 Nd6 18. Nxg6 hxg6 19. Na5 Rfd8 20. b4 {½-½ (61) Dang,H (2325)-Nguyen,P (2042) Ho Chi Minh 2017}) 15. Nc4 h6 16. Bxf6 Bxf6 17. Nfe5 Bh7 18. Qc3 Qc7 19. Rac1 Rd8 20. e4 Nd7 21. Ng4 Be7 22. d5 {d6 is the strong threat.} Bb4 23. d6 Qb8 24. Qf3 $36 {[%mdl 2048] White fights for an advantage.} f6 25. e5 {[%cal Re5f6]} f5 26. Nge3 Ra6 27. Qf4 Bc5 28. h4 Kh8 29. h5 Rf8 30. Bf3 Qe8 31. Kg2 Qb8 32. Rd2 Ra8 33. Kf1 Qa7 34. Ng2 Rac8 35. Nh4 b5 {[#]} (35... Kg8 $16 36. Kg1 Kh8) 36. Na3 $1 $18 bxa4 37. Ng6+ (37. Kg2 $18) 37... Bxg6 $16 38. hxg6 Rb8 39. Bxc6 (39. Rc4 $16) 39... Qa6+ $15 {[%mdl 64] Double Attack} 40. Bb5 $1 {[%cal Rb5a6]} Rxb5 41. Nxb5 Qxb5+ 42. Kg2 $2 {[#]} (42. Re2 $17) 42... Qb7+ $2 (42... Bb4 $1 $19 {[%cal Rb4d2]} 43. Rdd1 Nxe5) 43. f3 $11 Qb4 44. Rc4 Qb5 (44... Qb6 $11 {remains equal.} 45. Rdc2 a3 46. bxa3 Be3) 45. Rdc2 $16 Kg8 46. g4 (46. Qh4 $14 Re8 47. R4c3) 46... Qc6 $2 ({Black should play} 46... Qb6 $17 47. Qg3 fxg4 48. Qxg4 Rf5) 47. g5 $14 Qd5 $1 48. Rxc5 $2 (48. gxh6 $18 {aiming for Rxc5!} Bb6 49. Rc6) 48... Nxc5 $11 49. gxh6 {Hoping for Qh4.} Nd3 50. Qh4 $2 {[%mdl 8192]} (50. Qe3 $15 Nxe5 51. Rc5 Qxd6 52. Qxe5 Qxe5 53. h7+ Kh8 54. Rxe5) 50... Nxe5 $19 51. Rf2 {Threatening mate with Qe7.} Nxg6 52. Qg5 Kh7 53. hxg7 Kxg7 {And now ...Rh8 would win.} 54. Rd2 Qa8 55. Rc2 {intending Rc7+.} Rf7 56. Rc7 Qe8 57. Qd2 Rd7 58. Qxa5 (58. Qd4+ $142 e5 59. Qxa4) 58... Nf4+ 59. Kf2 Nd5 60. Rc6 Qh5 {Played: Qe8-b8} 0-1

[Event "7th Iberoamerican-ch 2019"]
[Site "Linares"]
[Date "2019.08.15"]
[Round "6.26"]
[White "Lianes Garcia, Marcos"]
[Black "Rodriguez Del Cerro, Ricardo"]
[Result "1-0"]
[WhiteElo "2347"]
[BlackElo "2184"]
[Annotator "TA"]
[PlyCount "69"]
[EventDate "2019.08.10"]
[EventType "swiss"]
[EventCountry "ESP"]
[SourceTitle "playchess.com"]
[Source "ChessBase"]
[SourceQuality "1"]

{[%evp 12,69,20,1,29,36,27,8,30,18,30,12,18,0,20,20,20,0,45,20,144,156,171,156,150,150,155,152,280,281,284,281,411,411,415,411,411,411,585,486,504,497,504,500,504,504,589,578,568,559,544,490,791,778,759,757,738,736,29983,29984]} 1. d4 Nf6 2. c4 e6 3. Nf3 b6 4. g3 Bb7 5. Bg2 Be7 6. O-O O-O 7. b3 Na6 {E17: Queen's Indian: 4 g3 Bb7 5 Bg2 Be7} (7... d5 8. cxd5 exd5 9. Bb2 Nbd7 10. Nc3 Re8 11. a3 a6 12. Ne5 Bf8 13. Nd3 Ne4 14. Qc2 Bd6 15. e3 Qe7 16. Nb4 Bxb4 17. axb4 Nxc3 18. Bxc3 Nf6 {½-½ (42) Fedoseev,V (2715)-Abdusattorov,N (2560) Sharjah 2019}) 8. Bb2 d5 9. cxd5 Nxd5 {The position is equal.} 10. Nbd2 c5 11. a3 Rc8 12. dxc5 Nxc5 13. b4 Nd7 14. Qb3 {[#]} a5 $146 {[%cal Ra5b4]} ({Predecessor:} 14... b5 15. Nd4 a6 16. Rfd1 Rc7 17. Nf5 exf5 18. Bxd5 Nc5 19. Bxf7+ Rxf7 20. bxc5 {½-½ (57) Bai,J (2553)-Tran,T (2538) Tarvisio 2017}) 15. e4 axb4 (15... N5f6 $11) 16. exd5 $16 Bxd5 17. Qd1 Nc5 18. axb4 Nd3 19. Bd4 Bxb4 (19... Nxb4 $16 20. Qb1 b5) 20. Qb1 $18 Bxd2 21. Bxb6 ({Avoid the trap} 21. Nxd2 $2 Bxg2 22. Bxb6 Qd5 $19) ({Much less strong is} 21. Qxd3 $6 Bb4 $18) 21... Bxf3 (21... Qd6 $142) 22. Bxd8 {[#] Be7 is the strong threat.} Bxg2 23. Kxg2 Rfxd8 24. Rd1 Ne1+ (24... h6 $142 25. Rxd2 Nf4+ {[%mdl 64] Discovered Attack} 26. gxf4 Rxd2) 25. Rxe1 Bxe1 26. Qxe1 Rd5 27. Qc3 Rf8 28. Ra7 h5 29. Qb4 Re8 30. Qb7 Rf5 31. Qc7 g5 (31... Rf8 $142 32. h3 Rd5) 32. Ra5 Kg7 33. Qc3+ Kg6 34. Qd3 Rb8 35. Rxf5 {Accuracy: White = 65%, Black = 19%.} 1-0